000 00453nam a2200169Ia 4500
008 210716s2005 xx 000 0 und d
020 _a8178814226
041 _aeng
082 _a332.6 ANIC
100 _aAnita, C.
245 _aTreasury outsourcing: an introduction.
_bIntroduction.
250 _a1
260 _aHyderabad
_bICFAI University Press
_c2005
300 _axvi,158
650 _aInvestment-Capital Market(332.6)
700 _aAnita, C.
999 _c199648
_d199648